<The> Administration of marketing and selling

Salvato in:
Dettagli Bibliografici
Autore principale: Whitehead, Harold
Natura: Libro
Lingua:inglese
Pubblicazione: London Pitman 1946
Tags: Aggiungi Tag
Nessun Tag, puoi essere il primo ad aggiungerne!!

MARC

LEADER 00000nam a2200000 4500
001 c126684
005 20041019155238.7
041 0 |a eng 
044 |a GB 
245 1 0 |a <The> Administration of marketing and selling  |c Harold Whitehead 
264 1 |a London  |b Pitman  |c 1946 
300 |a 334 s. 
100 1 |a Whitehead, Harold